Statistiques concernant L'intrus - Série 02

Cliquez ici pour prendre le quiz!

Statistiques générales

  • Ce quiz a été pris 67 fois
  • Le résultat moyen est 14 sur 14

Statistiques - réponses

PropositionsIntrus% Correct
enfant - bambin - oncle - gamin - marmotoncle
100%
dormir - reposer - se disputer - faire un sommese disputer
100%
justesse - tristesse - précision - exactitudetristesse
100%
intensifier - divulguer - publier - dévoilerintensifier
100%
difficile - ardu -douteux- durdouteux
100%
nez- groin- truffe- narinenarine
100%
marcher - cheminer - dévoiler - avancerdévoiler
100%
trouble - boueux - peureux - vaseuxpeureux
98%
maison - paillasson - demeure - habitationpaillasson
98%
ancien - vétéran - bleu - doyenbleu
98%
frotter - luire - briller - étincelerfrotter
97%
demander - réclamer - adjurer - pleurerpleurer
97%
espoir - attente - aspirateur - aspirationaspirateur
95%
se dépêcher - se hâter - se presser - musardermusarder
95%

Distribution des résultats

Percentile par nombre de réponses

% des personnes avec chaque résultat

Votre développement - résultats

Vous n’avez pas pris ce quiz